Most Presidents You Can Name in One Minute - Statistics

General Stats
  • This quiz has been taken 2,355 times
    278 since last reset
  • The average score is 18 of 46
Answer Stats
Answer % Correct
Donald Trump
93%
Joe Biden
89%
Barack Obama
87%
George Washington
85%
George Bush Jr.
82%
George Bush Sr.
82%
Abraham Lincoln
71%
Bill Clinton
67%
Franklin Roosevelt
62%
Theodore Roosevelt
62%
John F. Kennedy
61%
John Adams
57%
John Quincy Adams
57%
Thomas Jefferson
55%
Ronald Reagan
46%
Richard Nixon
43%
Andrew Johnson
40%
Lyndon Johnson
40%
Gerald Ford
38%
Dwight Eisenhower
36%
James Madison
35%
Jimmy Carter
35%
Andrew Jackson
33%
Harry Truman
30%
James Monroe
27%
Herbert Hoover
25%
William Taft
24%
Woodrow Wilson
24%
Benjamin Harrison
23%
James Polk
23%
William Henry Harrison
23%
Ulysses Grant
21%
Calvin Coolidge
18%
Grover Cleveland
18%
Grover Cleveland
18%
John Tyler
18%
Zachary Taylor
18%
James Garfield
17%
James Buchanan
16%
Martin Van Buren
16%
Wiliam McKinley
16%
Franklin Pierce
15%
Chester Arthur
13%
Millard Fillmore
13%
Rutherford Hayes
13%
Warren Harding
12%
No matching quizzes found
Score Distribution
Percent of People with Each Score
Percentile by Number Answered
Your Score History
You have not taken this quiz since the last reset